000 00286nam a22001217a 4500
008 180522b xxu||||| |||| 00| 0 eng d
041 _aeng
080 _a043.3
100 _a0
101 _aMBE-MA
245 _aManagement Procurement Activities in Kosovo
_cMurati, H
942 _2udc
_cBK
999 _c46214
_d46214